Recopilación y análisis de información para la optimización de uniones en estructura de maderas con conectores mecánicos

Uloženo v:
Podrobná bibliografie
Hlavní autor: Arias Quirós, Melina, 1985-
Další autoři: Govaere Vicarioli, Georges, 1972-
Médium: Kniha
Jazyk:Spanish
Vydáno: [San José, Costa Rica] : Universidad de Costa Rica, [Facultad de Ingeniería], Instituto de Investigaciones en Ingeniería, Laboratorio de Productos Forestales 2009
Tagy: Přidat tag
Žádné tagy, Buďte první, kdo vytvoří štítek k tomuto záznamu!

MARC

LEADER 00000nam a2200000Ia 4500
003 PI0182
005 20240528143855.0
008 140114s2009 cr a 000 ||spa d
040 |c cru CEDI  
100 |a Arias Quirós, Melina, 1985-  |9 3085 
245 |a Recopilación y análisis de información para la optimización de uniones en estructura de maderas con conectores mecánicos  
260 |a [San José, Costa Rica] : Universidad de Costa Rica, [Facultad de Ingeniería], Instituto de Investigaciones en Ingeniería, Laboratorio de Productos Forestales  |c 2009 
500 |a Informe Final No. 731-A9-718 
700 |a Govaere Vicarioli, Georges, 1972-  |9 123 
942 |c PI  |h PI-182  |i PI0182  |6 PI_182_PI0182 
999 |c 12652  |d 12652